<?xml version="1.0" encoding="UTF-8"?>
<record
    xmlns:xsi="http://www.w3.org/2001/XMLSchema-instance"
    xsi:schemaLocation="http://www.loc.gov/MARC21/slim http://www.loc.gov/standards/marcxml/schema/MARC21slim.xsd"
    xmlns="http://www.loc.gov/MARC21/slim">

  <leader>00551nam a22001817a 4500</leader>
  <controlfield tag="005">20250824202423.0</controlfield>
  <controlfield tag="008">250823b        |||||||| |||| 00| 0 eng d</controlfield>
  <datafield tag="020" ind1=" " ind2=" ">
    <subfield code="a">9781633696846</subfield>
  </datafield>
  <datafield tag="041" ind1=" " ind2=" ">
    <subfield code="a">eng</subfield>
  </datafield>
  <datafield tag="082" ind1=" " ind2=" ">
    <subfield code="a">658.4038 POR</subfield>
  </datafield>
  <datafield tag="100" ind1=" " ind2=" ">
    <subfield code="a"> Porter,Michael E.</subfield>
  </datafield>
  <datafield tag="245" ind1=" " ind2=" ">
    <subfield code="a">HBR's 10 Must Reads on AI, Analytics, and The New Machine Age</subfield>
  </datafield>
  <datafield tag="260" ind1=" " ind2=" ">
    <subfield code="a"> Boston</subfield>
    <subfield code="b">Harvard Business Review Press</subfield>
    <subfield code="c">2019</subfield>
  </datafield>
  <datafield tag="300" ind1=" " ind2=" ">
    <subfield code="a">181;. p. 21cm</subfield>
  </datafield>
  <datafield tag="650" ind1=" " ind2=" ">
    <subfield code="a">Artificial intelligence, Industrial management, Data mining</subfield>
  </datafield>
  <datafield tag="700" ind1=" " ind2=" ">
    <subfield code="a">Heppelmann, James E</subfield>
  </datafield>
  <datafield tag="942" ind1=" " ind2=" ">
    <subfield code="c">BK</subfield>
  </datafield>
  <datafield tag="999" ind1=" " ind2=" ">
    <subfield code="c">46467</subfield>
    <subfield code="d">46467</subfield>
  </datafield>
  <datafield tag="952" ind1=" " ind2=" ">
    <subfield code="0">0</subfield>
    <subfield code="1">0</subfield>
    <subfield code="2">ddc</subfield>
    <subfield code="4">0</subfield>
    <subfield code="7">0</subfield>
    <subfield code="a">IMTN</subfield>
    <subfield code="b">IMTN</subfield>
    <subfield code="c">Rack 29-A</subfield>
    <subfield code="d">2025-08-23</subfield>
    <subfield code="e">Amazon.in</subfield>
    <subfield code="g">569.00</subfield>
    <subfield code="i">HYD8- 171344</subfield>
    <subfield code="l">1</subfield>
    <subfield code="o">658.4038 POR</subfield>
    <subfield code="p">33938</subfield>
    <subfield code="q">2026-02-25</subfield>
    <subfield code="r">2025-08-29 00:00:00</subfield>
    <subfield code="s">2025-08-29</subfield>
    <subfield code="w">2025-08-01</subfield>
    <subfield code="y">BK</subfield>
    <subfield code="z">Faculty Purchase by Dr. Abhishek Narain singh</subfield>
  </datafield>
</record>
